00809nam a2200217 a 4500003000900000005001700009007000300026008004100029020001800070040002500088041000800113082001400121100003200135245015700167260003900324300004300363650002800406650009000434700002600524700004100550DO-SdBNP20220322132901.0ta210716e2018 dr oc|er|||| 001 hdspa d a9789945481945 aDO-SdBNPbspacBNPHU hspa 4bS718a2221 aSoto Tejeda, Marcos,d1939-10aAnecdotario ocoeño y apuntes genealógicos de familias ocoeñas /cMarcos Soto Tejeda; Ilustraciones, Stephanie Morel; Prólogo, Alexis Read Ortiz. aSanto Domingo:bCentenario,c22018 a405 p. :bil., fotogr., retr. ;c21 cm 4aAnécdotas dominicanas 4aAnécdotas, chistes, sátiras, etc.v zSan José de Ocoa (República Dominicana)1 aMorel, Stephanieeil.1 aOrtíz Read, Manuel Alexisepról.